01212nam a22002655i 4500001000700000003000900007005001700016008004100033080001100074080000800085100003900093245015000132260007400282300007100356490004400427490005600471650002600527650002800553710007100581830004900652830006400701852003900765999001900804952012300823175146ES-MaACL20250815103932.0101007s1962 sp do |||| | spa d a615.33 a5791 aPortolés Alonso, Antonio.99329410aAportaciones al estudio de la antiobiótico resistencia microbiana "in vivo" b: premio "Alonso de Herrera", 1958 / cAntonio Portolés Alonso. aMadrid : bConsejo Superior de Investigaciones Científicas, c1962. a87 p., [4] h. de gráf. pleg., [1] h., [70] p. de fot. ; c25 cm.1 aMonografías de ciencia moderna ; v651 aInstituto "Jaime Ferrán" de Microbiología ; v214aAntibióticos.9984904aMicrobiología.9150232 aConsejo Superior de Investigaciones Científicas (España)932360 aMonografías de ciencia modernav6591894700 aInstituto "Jaime Ferrán" de Microbiología ; v29189530 aES-MaACLjE-13329 xOlim P-555 bis c175146d175146 00104070aATENEOMbATENEOMcDEPO2d2010-10-08eDONl0oE-13329p1183911r2023-02-23 00:00:00w2023-02-23yMONOGRAFIA